Southville International School and Colleges
Your cart is empty.
  • Cart
  • Lists
    Public lists Eva Luna New books Lux_list list_1
    Your lists Log in to create your own lists
  • Log in to your account
  • Your cookies
  • Search history
Southville International School and Colleges
  • Advanced search
  • Recent comments
  • Most popular
  • Libraries

Log in to your account

Log in with GOOGLE


If you do not have an external account, but do have a local account, you can still log in:

  1. Home
  2. MARC view: Understanding operating systems. /
Normal view MARC view ISBD view

Understanding operating systems. / (Record no. 23694)

[ view plain ]
MARC details
000 -LEADER
fixed length control field 00590nam a2200205 a 4500
005 - DATE AND TIME OF LATEST TRANSACTION
control field 20140310183457.0
008 - FIXED-LENGTH DATA ELEMENTS--GENERAL INFORMATION
fixed length control field 091127s19uu xx 00 eng d
020 ## - INTERNATIONAL STANDARD BOOK NUMBER
International Standard Book Number 9789814272551
050 ## - LIBRARY OF CONGRESS CALL NUMBER
Classification number QA 76.76.O63
Item number .F598 2009
100 ## - MAIN ENTRY--PERSONAL NAME
Personal name Flynn, Ida M.
245 ## - TITLE STATEMENT
Title Understanding operating systems. /
Statement of responsibility, etc Ida M. Flynn. Ann Maiver McHoes
250 ## - EDITION STATEMENT
Edition statement 5th ed.
260 ## - PUBLICATION, DISTRIBUTION, ETC. (IMPRINT)
Place of publication, distribution, etc Australia :
Name of publisher, distributor, etc Cengage Learning,
Date of publication, distribution, etc 2009.
300 ## - PHYSICAL DESCRIPTION
Extent 577 p. :
Other physical details ill. ;
Dimensions 23 cm.
521 ## - TARGET AUDIENCE NOTE
Target audience note
650 ## - SUBJECT ADDED ENTRY--TOPICAL TERM
Topical term or geographic name as entry element Operating systems (computers).
700 ## - ADDED ENTRY--PERSONAL NAME
Personal name Flynn, Ida M.
942 ## - ADDED ENTRY ELEMENTS (KOHA)
Koha item type Books
Source of classification or shelving scheme Library of Congress Classification
Call number prefix Foreign
Holdings
Withdrawn status Lost status Source of classification or shelving scheme Damaged status Home library Current library Shelving location Date acquired Source of acquisition Cost, normal purchase price Total Checkouts Total Renewals Full call number Barcode Date last seen Date checked out Copy number Price effective from Koha item type
    Library of Congress Classification   College Library College Library General Circulation Section 11/27/2009   798.00 1 12 QA 76.76.O63 .F598 2009 C10774 05/15/2018 08/18/2015 1 10/18/2013 Books

Understanding operating systems. /

APA

Flynn I. M., Flynn I. M., . (2009). Understanding operating systems. Australia: Cengage Learning.

Chicago

Flynn Ida M, Flynn Ida M, . 2009. Understanding operating systems. Australia: Cengage Learning.

Harvard

Flynn I. M., Flynn I. M., . (2009). Understanding operating systems. Australia: Cengage Learning.

MLA

Flynn Ida M, Flynn Ida M, . Understanding operating systems. Australia: Cengage Learning. 2009.

  • Place hold
  • Print
  • Cite
  • Add to your cart (remove)
  • Save record
    BIBTEX Dublin Core MARCXML MARC (non-Unicode/MARC-8) MARC (Unicode/UTF-8) MARC (Unicode/UTF-8, Standard) MODS (XML) RIS
  • More searches
    Search for this title in:
    Other Libraries (WorldCat) Other Databases (Google Scholar) Online Stores (Bookfinder.com) Open Library (openlibrary.org)

Exporting to Dublin Core...

SOUTHVILLE LIBRARY

Southville International School and Colleges Library

1281 Tropical Ave. Cor. Luxembourg St., BF Homes International, Las Pinas City

Tel. No. 8256374 / 252358 Loc. 117/146

Powered by Koha